LEADER 00979nam a2200205 i 4500 001 000000252268 003 CaOOAMICUS 005 20161219000000.0 008 161219s1898 it u000 u ita u 013 $a231173 040 $aSeMil$bita 100 1 $aGrandi, Callisto.$0(OLS)http://semarc/name/76211 245 13$aLa Beata Vergine del Bisbino ed il suo santuario :$bricordo descrittivo-storico-scientifico /$cdel sac. Callisto Grandi. 260 $aComo :$bTip. Cavalleri e Bazzi,$c1898. 300 $a186 p., [1] c. di tav. :$bill ;$c16 cm. 650 4$aCernobbio - Santuario della Beata Vergine del Bisbino.$0(OLS)http://semarc/subject/43059 850 $aSeMil 852 $aSeMil$W1$xVenegono$y1$m3O I 50 FA$j202614$B202614$CSeMilBibl$Z2$F215367 $8I 996 $6245$aLa Beata Vergine del Bisbino ed il suo santuario :$bricordo descrittivo-storico-scientifico$9(OLS)http://semarc/title/354533 996 $6260$aComo :$bTip. Cavalleri e Bazzi$9(OLS)http://semarc/publisher/54955 LEADER 01015nam a2200229 i 4500 001 000000202143 003 CaOOAMICUS 005 20110516000000.0 008 110516s1941 it u000 u ita u 013 $a180849 040 $aSeMil$bita 100 1 $aMaetzke, Guglielmo.$0(OLS)http://semarc/name/73057 245 10$aFlorentia (Firenze) :$bRegio 7., Etruria /$cGuglielmo Maetzke. 260 $aRoma :$bIstituto di studi romani,$c1941. 300 $a100 p., 15 p. di tav. :$bill. ;$c25 cm. 490 0 $aItalia romana. Serie 1. : municipi e colonie ;$vVolume5. 650 4$aFirenze - Storia.$0(OLS)http://semarc/subject/361 830 0$aItalia romana. Serie 1. : municipi e colonie ;$vVolume5.$0(OLS)http://semarc/title/23104 850 $aSeMil 852 $aSeMil$W1$xVenegono$y1$m3V III 161$j152666$B152666$CSeMilBibl$Z2$F163728 $81 996 $6245$aFlorentia (Firenze) :$bRegio 7., Etruria$9(OLS)http://semarc/title/292586 996 $6260$aRoma :$bIstituto di studi romani$9(OLS)http://semarc/publisher/31798 LEADER 01040nam a2200229 i 4500 001 000000096869 003 CaOOAMICUS 005 20250812141330.0 008 100107s1905 fr u000 u fre u 013 $a69111 040 $aSeMil$bita 100 1 $aLe Camus, Émile,$d<1839-1906>.$0(OLS)http://semarc/name/4082 245 10$a1: Fondation de l'Église chrétienne :$bpériode d'affranchissement /$cpar Mgr Le Camus. 260 $aParis :$bH. Oudin,$c1905. 300 $axlix, 376 p., [1] c. di tav. geogr. ripieg., [3] c. di tav. :$bill. ;$c20 cm. 773 0 $aLe Camus, Émile <1839-1906>$tOeuvre des âpotres.$dParis : Letouzey et Ané : H. Oudin, 1891-1905.$g1$w()7975 850 $aSeMil 852 $aSeMil$W1$xVenegono$y1$m2X I 5$j56259$B56259$CSeMilBibl$Z2$F64470 $81 961 $aRecupero: Altro 996 $6245$a1: Fondation de l'Église chrétienne :$bpériode d'affranchissement$9(OLS)http://semarc/title/119612 996 $6260$aParis :$bH. Oudin$9(OLS)http://semarc/publisher/32172